000 01151cam a2200349 a 4500
999 _c21230
_d21230
001 15195459
003 OSt
005 20200612115322.0
008 080208s2008 ii b 001 0 eng
010 _a 2008336698
020 _a9788180695209
020 _a8180695204
025 _aI-E-2008-336698; 79-90
035 _a(IN-NdUBS)UBS08000316
037 _bLibrary of Congress -- New Delhi Overseas Office
_cRs700.00
040 _aDLC
_coclc
042 _alcode
043 _aa-ii---
050 0 0 _aHC435.3
_b.M348 2008
082 _a170.954
_bMAI/D
100 _aMaiti, Prasenjit
_92832
245 1 0 _aDevelopment ethics /
_cPrasenjit Maiti
260 _aNew Delhi :
_bConcept Pub. Co,
_c2008.
300 _a303 p. ;
_c23 cm.
504 _aIncludes bibliographical references (p. [281]-287 and index).
520 _aWith special reference to India.
650 0 _aEconomic development
_zIndia
_xCitizen participation.
651 0 _aIndia
_xEconomic policy
_y1991-
906 _a7
_bcbc
_corigode
_d3
_encip
_f20
_gy-gencatlg
942 _2ddc
_cBK
_h170.954
_iMAI/D
_k170.954
_mMAI/D